000 00368nam a2200157Ia 4500
008 160316s9999 xxu||||| |||| 00| 0 eng d
082 _a344.046000
_bGUH
100 _aGuha Ramachandra
245 _aThe prehistory of community forestry
250 _a
260 _a
_b
_c0
300 _a35
_b
_c
365 _b
650 _a1. Forestry - forest laws
700 _a
_a
999 _c37328
_d37328